000 00625nam a2200229Ia 4500
003 OSt
005 20221007074216.0
006 a|||||r|||| 00| 0
007 ta
008 221006b |||||||| |||| 00| 0 eng d
024 _a26,628
037 _cTextual
040 _aFLL
_cFLL
_beng
041 _2eng
_aeng
082 _aZ73:3y7, L1
100 _aMueller Addison
_9692697
245 0 _aContract law and its application
260 _aMineola
_bThe Foundation Press, Inc. New York
_c1971
300 _alii,1-792p
_ccm.
942 _hZ73:3y7, L1
_cTEXL
_2CC
999 _c1151536
_d1151536